000 00385pab a2200157 454500
008 180718b1985 xxu||||| |||| 00| 0 eng d
100 _aDas, Sujit K
245 _aCase for injectible contraceptives
260 _c1985
300 _a1713-14
362 _a5 Oct.
650 _aBirth Control
700 _aPijus Kanti Sarkar
773 _aEconomic and Political Weekly
909 _a4462
999 _c4462
_d4462